00321nam a2200121Ia 4500008004100000020001500041041001200056100001300068245005300081260003900134300000800173650001800181221030s9999 xx 000 0 und d a9332543560 aEnglish aP. Kumar 0aIndustrial Engineering & Managementcby P. Kumar bPearson EducationaNew Delhic2015 a656 aBE Management